000
00322nam a2200133 4500
999
_c
510007
_d
510007
008
190712b ||||| |||| 00| 0 eng d
100
_a
Ninan, T.N.
_9
7052
245
_a
Assessing achhe din
260
_c
2019
300
_a
p.26-33.
773
_a
Seminar
906
_a
Politics and government - India
942
_2
ddc
_c
AR